[Event "Prague op-A 11th"]
[Site "Prague"]
[Date "2012.01.16"]
[Round "4"]
[White "Ursu, Ana Maria"]
[Black "Domanski, Lukasz"]
[Result "1-0"]
[WhiteElo "1901"]
[BlackElo "1449"]
[PlyCount "57"]
[EventDate "2012.01.13"]
[EventType "swiss"]
[EventRounds "9"]
[EventCountry "CZE"]
[SourceTitle "CBM 146 Extra"]
[Source "ChessBase"]
[SourceDate "2012.02.29"]
[SourceVersion "1"]
[SourceVersionDate "2012.02.29"]
[SourceQuality "1"]

1. c4 c6 2. Nf3 d5 3. b3 Bf5 4. d3 Nf6 5. g3 e6 6. Nbd2 Bd6 7. Bg2 0-0 8. Bb2 Nbd7 9. 0-0 Qe7 10. Qc2 e5 11. e4 Bg6 12. Nh4 d4 13. Nxg6 hxg6 14. Nf3 c5 15. Nh4 Rab8 16. Bc1 b5 17. Bg5 Bc7 18. cxb5 Rxb5 19. Nxg6 fxg6 20. Qc4+ Kh7 21. Qxb5 Rb8 22. Qc6 Rb6 23. Qxc7 Rb8 24. Bh3 Qe8 25. Bxf6 Nxf6 26. Qxc5 Ra8 27. Rac1 a6 28. Qd6 Qf7 29. Qxe5 1-0

[Event "Olympiad Women-39"]
[Site "Khanty-Mansiysk"]
[Date "2010.09.30"]
[Round "9.28"]
[White "Ursu, Ana Maria"]
[Black "MacGilchrist, Siegrun"]
[Result "1-0"]
[WhiteElo "1905"]
[BlackElo "1784"]
[PlyCount "123"]
[EventDate "2010.09.21"]
[EventType "team-swiss"]
[EventRounds "11"]
[EventCountry "RUS"]
[SourceTitle "CBM 139"]
[Source "ChessBase"]
[SourceDate "2010.11.18"]
[SourceVersion "1"]
[SourceVersionDate "2010.11.18"]
[SourceQuality "1"]
[WhiteTeam "Moldova (W)"]
[BlackTeam "Scotland (W)"]
[WhiteTeamCountry "MDA"]
[BlackTeamCountry "SCO"]

1. c4 Nf6 2. Nc3 e6 3. Nf3 Bb4 4. g3 Nc6 5. Bg2 0-0 6. 0-0 Bxc3 7. bxc3 d5 8. cxd5 exd5 9. Qa4 Re8 10. e3 Bf5 11. d4 Qd7 12. Qb5 a6 13. Qe2 Na5 14. Ne5 Qc8 15. c4 Nxc4 16. Nxc4 dxc4 17. Qxc4 c6 18. Ba3 Be6 19. Qc2 Bf5 20. Qb3 Qd8 21. Qxb7 Qa5 22. Qb4 Qxb4 23. Bxb4 Nd5 24. Bc5 Rab8 25. Rfe1 Bd7 26. Bf1 a5 27. Reb1 Nc3 28. Rb3 Ne4 29. Ba7 Rxb3 30. axb3 Nd2 31. Bc4 Be6 32. Bxe6 fxe6 33. Rxa5 Nxb3 34. Ra2 Re7 35. Bb8 Rb7 36. Bd6 Rd7 37. Ra8+ Kf7 38. Rf8+ Kg6 39. Be5 c5 40. dxc5 Nxc5 41. Kg2 Ne4 42. Rf4 Nf6 43. g4 h6 44. h4 Nd5 45. Rf8 Nf6 46. h5+ Nxh5 47. gxh5+ Kxh5 48. Re8 g5 49. Rxe6 Rf7 50. Kg3 Rb7 51. Bd4 Rf7 52. e4 Rd7 53. Be3 Rg7 54. e5 Rg8 55. Bd4 Rd8 56. Rd6 Re8 57. e6 Kg6 58. e7+ Kf7 59. Bf6 Rb8 60. Rd8 Rb3+ 61. f3 Re3 62. Rf8+ 1-0

[Event "Wch U18 Girls"]
[Site "Kemer"]
[Date "2009.11.19"]
[Round "8"]
[White "Kulon, Klaudia"]
[Black "Ursu, Ana Maria"]
[Result "1-0"]
[WhiteElo "2233"]
[BlackElo "1876"]
[PlyCount "39"]
[EventDate "2009.11.12"]
[EventType "swiss"]
[EventRounds "11"]
[EventCountry "TUR"]
[SourceTitle "EXT 2010"]
[Source "ChessBase"]
[SourceDate "2010.11.25"]
[SourceVersion "1"]
[SourceVersionDate "2010.11.25"]
[SourceQuality "1"]

1. e4 d6 2. d4 Nf6 3. Nc3 g6 4. f3 c6 5. Be3 a6 6. Qd2 Bg7 7. 0-0-0 0-0 8. h4 h5 9. Be2 Nbd7 10. g4 b5 11. Nh3 hxg4 12. fxg4 Nb6 13. Rdg1 Nc4 14. Bxc4 bxc4 15. Bh6 Nxg4 16. Bxg7 Kxg7 17. h5 gxh5 18. Nf2 Rb8 19. Rxh5 Kg6 20. Qh6# 1-0

[Event "Wch U18 Girls"]
[Site "Kemer"]
[Date "2009.11.18"]
[Round "7"]
[White "Ursu, Ana Maria"]
[Black "Elansary, Eman"]
[Result "1-0"]
[WhiteElo "1876"]
[BlackElo "1926"]
[PlyCount "49"]
[EventDate "2009.11.12"]
[EventType "swiss"]
[EventRounds "11"]
[EventCountry "TUR"]
[SourceTitle "EXT 2010"]
[Source "ChessBase"]
[SourceDate "2010.11.25"]
[SourceVersion "1"]
[SourceVersionDate "2010.11.25"]
[SourceQuality "1"]

1. e4 e5 2. Nf3 Nc6 3. Bb5 a6 4. Ba4 Nf6 5. d3 b5 6. Bb3 Be7 7. c3 d6 8. Nbd2 0-0 9. 0-0 Na5 10. Bc2 c5 11. Re1 Qc7 12. Nf1 Bd7 13. Ng3 Nc6 14. h3 a5 15. Nh2 b4 16. Ng4 Nxg4 17. hxg4 g6 18. Bh6 Rfb8 19. Re3 Qd8 20. Nf5 gxf5 21. gxf5 Bf8 22. Qh5 Bxh6 23. Qxh6 Ne7 24. Rg3+ Ng6 25. fxg6 1-0

[Event "MDA-ch (Women)"]
[Site "Kishinev"]
[Date "2009.01.24"]
[Round "9"]
[White "Ursu, Ana Maria"]
[Black "Harbuz, Daniela"]
[Result "0-1"]
[WhiteElo "1880"]
[BlackElo "2075"]
[PlyCount "74"]
[EventDate "2009.01.16"]
[EventType "tourn"]
[EventRounds "9"]
[EventCountry "MDA"]
[SourceTitle "EXT 2010"]
[Source "ChessBase"]
[SourceDate "2010.11.25"]
[SourceVersion "1"]
[SourceVersionDate "2010.11.25"]
[SourceQuality "1"]

1. e4 g6 2. d4 Bg7 3. Nf3 d6 4. Be2 Nd7 5. 0-0 e5 6. dxe5 dxe5 7. Nc3 c6 8. Be3 Qe7 9. a3 h6 10. h3 Ngf6 11. Bc4 0-0 12. Qd2 Kh7 13. Rad1 Re8 14. Rfe1 Nb6 15. Bxb6 axb6 16. Qe3 b5 17. Bb3 Nh5 18. Ne2 Qf6 19. c4 bxc4 20. Bxc4 Nf4 21. Nxf4 exf4 22. Qb3 Qxb2 23. Qxb2 Bxb2 24. Bxf7 Re7 25. Bc4 Rxa3 26. Rd8 Bxh3 27. Nh2 Bd7 28. Rb1 Ra1 29. Rxa1 Bxa1 30. Nf3 b5 31. Bd3 Be6 32. e5 b4 33. Rd6 c5 34. Rc6 b3 35. Nh4 c4 36. Nxg6 cxd3 37. Nxe7 b2 0-1